Crossing subject boundaries : the micropolitics of curriculum innovation

Αποθηκεύτηκε σε:
Λεπτομέρειες βιβλιογραφικής εγγραφής
Κύριος συγγραφέας: Paechter, Carrie F.
Μορφή: Βιβλίο
Γλώσσα:English
Δημοσίευση: London, HMSO, 1995
Θέματα:
Ετικέτες: Προσθήκη ετικέτας
Δεν υπάρχουν, Καταχωρήστε ετικέτα πρώτοι!

MARC

LEADER 00000nam a2200000 i 4500
001 1/96363
008 991215s1995 eng d
020 |a 0117018031  |c μ 10.50 
035 |l 10055733 
040 |a GR-MY-UA  |b gre  |e aacr 
041 0 |a eng 
082 0 |a 375.001 
100 1 |a Paechter, Carrie F. 
245 1 0 |a Crossing subject boundaries :  |b the micropolitics of curriculum innovation /  |c Carrie Paechter 
260 |b London,   |b HMSO,   |c 1995 
300 |a 105 p.;  |c 30 cm. 
650 0 0 |a Curriculum planning. 
650 0 0 |a Schools. 
852 |a INST  |b RHODES  |e 19991215  |h 375.001 PAE  |p 005400012651  |q 005400012651  |t BK  |y 0 
901 |a BIBL4-2000-1 
909 |a Ρ  |b 069360 
922 |a 4ΕΛΗ  |b 199909  |c ΚΠΣ/154  |d GLORY BOOKS 
950 |a 154-1999-07-23 
970 |a ΚΟΥΛΑΚΙΟΤΗ  |b ΛΙΤΣΑ  |z 2000/02/03